Catálogo

Poder absoluto : (Registro nro. 42762)

Detalles MARC
000 -LEADER
fixed length control field 01268cam a2200361 i 4500
001 - CONTROL NUMBER
control field 42762
003 - CONTROL NUMBER IDENTIFIER
control field Mx-PuUPA
005 - DATE AND TIME OF LATEST TRANSACTION
control field 20240410103823.0
008 - FIXED-LENGTH DATA ELEMENTS--GENERAL INFORMATION
fixed length control field 140415s1996 sp gr 000 0 spa d
017 ## - COPYRIGHT OR LEGAL DEPOSIT NUMBER
Copyright or legal deposit number B.25.981 - 1998
020 ## - INTERNATIONAL STANDARD BOOK NUMBER
International Standard Book Number 8439702426
040 ## - CATALOGING SOURCE
Original cataloging agency Mx-PuUPA
Language of cataloging spa
Transcribing agency Mx-PuUPA
Modifying agency Mx-PuUPA
Description conventions rda
041 1# - LANGUAGE CODE
Language code of text/sound track or separate title spa
Language code of original eng
100 1# - MAIN ENTRY--PERSONAL NAME
9 (RLIN) 13371
Personal name Baldacci, David,
Dates associated with a name 1960-
Relator term autor
240 10 - UNIFORM TITLE
Uniform title Absolute power.
Language of a work Español
245 10 - TITLE STATEMENT
Title Poder absoluto :
Remainder of title (por orden del presidente ) /
Statement of responsibility, etc. David Baldacci ; traducción de Alberto Coscarelli
264 #1 - PRODUCTION, PUBLICATION, DISTRIBUTION, MANUFACTURE, AND COPYRIGHT NOTICE
Place of production, publication, distribution, manufacture Barcelona :
Name of producer, publisher, distributor, manufacturer Grijalbo Mondadori,
Date of production, publication, distribution, manufacture, or copyright notice ©1996
300 ## - PHYSICAL DESCRIPTION
Extent 399 páginas ;
Dimensions 18 cm
336 ## - CONTENT TYPE
Fuente rdacontent
Content type term texto
Content type code txt
337 ## - MEDIA TYPE
Source rdamedia
Media type term sin medio
Media type code n
338 ## - CARRIER TYPE
Source rdacarrier
Carrier type term volumen
Carrier type code nc
490 0# - SERIES STATEMENT
Series statement Mitos Bolsillo
650 #7 - SUBJECT ADDED ENTRY--TOPICAL TERM
Source of heading or term armarc
Topical term or geographic name entry element Presidentes
Geographic subdivision Estados Unidos
Form subdivision Novela
650 #7 - SUBJECT ADDED ENTRY--TOPICAL TERM
Source of heading or term armarc
Topical term or geographic name entry element Asesinato
General subdivision Estados
Form subdivision Novela
650 #7 - SUBJECT ADDED ENTRY--TOPICAL TERM
Source of heading or term armarc
Topical term or geographic name entry element Novela estadounidense
Chronological subdivision 1945-1999
700 1# - ADDED ENTRY--PERSONAL NAME
Personal name Coscarelli, Alberto,
Relator term traductor
765 08 - ORIGINAL LANGUAGE ENTRY
Main entry heading Baldacci, David, 1960-
Note Absolute power.
942 ## - ADDED ENTRY ELEMENTS (KOHA)
Source of classification or shelving scheme Dewey Decimal Classification
Koha item type Libro
Classification part 813.54
Item part B175
Existencias
Withdrawn status Lost status Source of classification or shelving scheme Damaged status Not for loan Collection code Home library Current library Shelving location Date acquired Source of acquisition Total Checkouts Total Renewals Full call number Barcode Date last seen Date last checked out Price effective from Koha item type
    Dewey Decimal Classification     General Biblioteca Karol Wojtyla Biblioteca Karol Wojtyla Sala general 03/12/2013 Compra 1 1 813.54 B175 1996 64185 05/01/2026 10/11/2022 03/12/2013 Libro